thanK you aIMee - Taylor Swift (All Lyrics) - Statistics

General Stats
  • This quiz has been taken 10 times
  • The average score is 354 of 411
Answer Stats
Lyrics % Correct
a
100%
A
100%
all
100%
All
100%
be
100%
but
100%
don't
100%
for
100%
I
100%
if
100%
in
100%
me
100%
night
100%
of
100%
our
100%
say
100%
'thank
100%
thanK
100%
that
100%
the
100%
then
100%
time
100%
to
100%
were
100%
When
100%
when
100%
you
100%
you,
100%
your
100%
aIMee'
88%
aIMee
88%
always
88%
and
88%
And
88%
at
88%
could
88%
day
88%
dead
88%
feel
88%
find
88%
'fucK
88%
it
88%
It
88%
just
88%
kid
88%
made
88%
mind
88%
my
88%
never
88%
one
88%
real
88%
school
88%
Screamed,
88%
screamed,
88%
Screamed
88%
she
88%
sky
88%
so
88%
So
88%
something
88%
song
88%
statue
88%
there
88%
think
88%
up
88%
was
88%
way
88%
wished
88%
woman
88%
about
75%
are
75%
as
75%
beat
75%
been
75%
black
75%
blood
75%
blue
75%
boulder
75%
bronze,
75%
building
75%
built
75%
can't
75%
changed
75%
clean
75%
clues
75%
comes
75%
count
75%
defining
75%
each
75%
Everyone
75%
fair
75%
fight
75%
forget
75%
from
75%
gushing
75%
hadn't
75%
head
75%
heal
75%
here
75%
hill,
75%
home
75%
hometown
75%
I'd
75%
is
75%
know
75%
knows
75%
laughing
75%
legacy
75%
maybe
75%
moment
75%
mother
75%
much
75%
name
75%
nothing
75%
only
75%
or
75%
pain
75%
paper
75%
picture
75%
punches
75%
push
75%
pushed
75%
reframed
75%
ringing
75%
saintly
75%
same
75%
searing
75%
show
75%
singing
75%
songs
75%
still
75%
take
75%
there's
75%
this
75%
thousand
75%
throwing
75%
truth
75%
two
75%
uncool
75%
undo
75%
us
75%
used
75%
wait
75%
wasn't
75%
words
75%
wouldn't
75%
wrote
75%
you've
75%
across
63%
any
63%
baby
63%
cause
63%
couldn't
63%
down
63%
forgive
63%
gonna
63%
grave
63%
headlines
63%
kill
63%
plaque
63%
prayed
63%
small
63%
spirit
63%
spray-
63%
stairs
63%
stars
63%
step
63%
stomped
63%
tanned
63%
town
63%
underneath
63%
local
50%
looks
50%
stunning
50%
threatens
50%
dreamed
38%
No matching quizzes found
Score Distribution
Percent of People with Each Score
Percentile by Number Answered
Your Score History
You have not taken this quiz